000 00470nam a2200157 4500
999 _c5448
_d5448
008 161103b xxu||||| |||| 00| 0 eng d
022 _a9770118389007
082 _aDPer 641.05 F73 Mar-Jul 2013
100 _916764
_aYrastorza, Caren B.
245 _aThe magic of nonstick/
_cCaren B. Yrastorza.
260 _aQuezon City:
_bABS CBN Publishing, Inc.,
_c©2013.
300 _apages 84-85;
_c30 cm.
500 _aFood.
650 0 _916766
_aFood
942 _2ddc
_cPER